000 00530 a2200181 4500
001 066941
003 OSt
005 20211022114055.0
008
082 _a658.408
_bW49S
100 1 _aWerther, William B.
245 1 _aStrategic corporate social responsibility
_cby William B. Werther and David Chandler
260 _aLondon
_bSage Publications
_c2009
300 _a356p.
690 _aSocial responsibility of business; Strategic planning
700 _aChandler, David
942 _2ddc
_cBK
999 _c932
_d932